000 00663nam a2200241Ia 4500
003 GCL
008 140319s9999 xx 000 0 ara d
040 _aGCL /
_cGCL
082 0 4 _a811.9
_bز ا
100 1 _aكريمة زكى مبارك
245 1 0 _aاحمد شوقى /
_cكريمة زكى مبارك
700 1 _aزكى مبارك
260 _a[S.N] :
_bدار الجيل ،
_c1988
300 _a320 ص
490 _a
650 0 4 _aالشعر العربى
650 0 4 _aالعصر الحديث
650 0 4 _aدواوين وقصائد
650 0 4 _aالتراجم
650 0 4 _aالشعراء
650 0 4 _aاحمد شوقى
942 _2ddc
_cBK
999 _c34348
_d34348